Perfect Heist 2 Classes - Statistiken

Allgemein
  • Dieses Quiz wurde 33 mal gespielt
  • Das Durchschnittsergebnis liegt bei 35 aus 52
Antwortstatistiken
Hint Antwort % Korrekt
Playing Card Joker
95%
Close Vaults Manager
95%
Paper Plane Pilot
95%
Horse Sheriff
95%
PC Hacking Tech
95%
Drill Insider
90%
Coin Toss Pickpocket
90%
Miners Crypto
85%
Reviving Doctor
85%
Rescue Ladder Firefighter
85%
Disguise Spy
85%
Open Vaults Vault Cracker
85%
Playing Dead Actor
80%
Call Backup Backup
80%
Paint Bombs FED Agent
80%
Shrinking Micro
80%
Crime Tape Officer
80%
Footprints Detective
75%
Bomb Buggy Engineer
75%
Money Printer FED Chairman
75%
Money Printer Fed Chairman
75%
Hack ATMs Geek
75%
Lock Doors Janitor
75%
Cardboard Box Ninja
75%
Cameras Vigil
75%
Buy Weapons Arms Dealer
70%
Turrets Inventor
70%
Doubled Jewel Value Mafia Boss
70%
Teargas Trap Poison
70%
Camo-Screen Agent
65%
Dog Canine
65%
Triple Jump Hornet
65%
Big Bomb Madman
65%
Rifle Sniper
65%
RC Explosives Demo
60%
Antivirus Software Developer
60%
Shield Riot Control
60%
Thermal Vision Swat
60%
Motion Detectors FBI
55%
Trampoline Gym Buddy
55%
Diamond Master Thief
55%
Healing Combat Medic
50%
Barrels Mechanic
50%
Energy Shield Bodyguard
45%
Helicopter Heavy
45%
VIP Hitman
45%
Supply Stations Reinforcer
35%
Molotovs Distractor
30%
Wall Climbing Scout
30%
Supply Bag Sergeant
30%
Barbed Wire Traffic Cop
25%
Criminal Database Cyber Police
15%
Keine übereinstimmenden Quizze gefunden
Verteilung der Resultate
Anzahl Personen mit jedem Resultat
Perzentil nach korrekt beantworteten Fragen
Ihre Resultats-Entwicklung
Sie haben dieses Quiz noch nicht gespielt